The starless sea / by Erin Morgenstern.
Available copies
- 6 of 6 copies available at LARL/NWRL Consortium.
- 4 of 4 copies available at Lake Agassiz Regional Library. (Show preferred library)
Current holds
0 current holds with 6 total copies.
View other formats and editions
Show Only Available Copies
| Location | Call Number / Copy Notes | Barcode | Shelving Location | Status | Due Date |
|---|---|---|---|---|---|
| Bagley Public Library | MOR (Text) | 33500013154489 | Main | Available | - |
| Breckenridge Public Library | MOR (Text) | 33500013154513 | Main | Available | - |
| Detroit Lakes Public Library | MOR (Text) | 33500013154505 | Main | Available | - |
| Moorhead Public Library | MOR (Text) | 33500013154521 | Main | Available | - |
| Karlstad LINK Site | MOR (Text) | 35500006252579 | Main | Available | - |
| Thief River Falls Public Library | MOR (Text) | 35500006226367 | Main | Available | - |
Record details
- ISBN: 9780385541213
- ISBN: 038554121X
- Physical Description: 498 pages ; 25 cm
- Edition: First edition.
- Publisher: New York : Doubleday, [2019]
Content descriptions
| Summary, etc.: | "Zachary Ezra Rawlins is a graduate student in ... Read More |
Search for related items by subject
| Genre: | Fantasy fiction. Fiction. Fantasy fiction. Fantasy fiction. |
| LDR | 03532cam a22005418i 4500 | ||
|---|---|---|---|
| 001 | 320538 | ||
| 003 | LARL_NWRL_CONSORTIUM | ||
| 005 | 20191105164716.0 | ||
| 008 | 181116s2019 nyu 000 1 eng | ||
| 010 | . | ‡a 2018053215 | |
| 040 | . | ‡aDLC ‡beng ‡erda ‡cDLC ‡dBDX ‡dYDX ‡dMJ8 ‡dOCLCO ‡dCGL ‡dLE@ ‡dWLM ‡dTCH ‡dOCLCF ‡dWKM | |
| 019 | . | ‡a1124767908 ‡a1125103254 ‡a1125211566 ‡a1125212553 ‡a1125215953 ‡a1125216210 ‡a1125220158 ‡a1125222716 | |
| 020 | . | ‡a9780385541213 ‡q(hardcover) | |
| 020 | . | ‡a038554121X | |
| 035 | . | ‡a(OCoLC)1076376934 ‡z(OCoLC)1124767908 ‡z(OCoLC)1125103254 ‡z(OCoLC)1125211566 ‡z(OCoLC)1125212553 ‡z(OCoLC)1125215953 ‡z(OCoLC)1125216210 ‡z(OCoLC)1125220158 ‡z(OCoLC)1125222716 | |
| 042 | . | ‡apcc | |
| 082 | 0 | 0. | ‡a813/.6 ‡223 |
| 100 | 1 | . | ‡aMorgenstern, Erin, ‡eauthor. |
| 245 | 1 | 4. | ‡aThe starless sea / ‡cby Erin Morgenstern. |
| 250 | . | ‡aFirst edition. | |
| 264 | 1. | ‡aNew York : ‡bDoubleday, ‡c[2019] | |
| 300 | . | ‡a498 pages ; ‡c25 cm | |
| 336 | . | ‡atext ‡btxt ‡2rdacontent | |
| 337 | . | ‡aunmediated ‡bn ‡2rdamedia | |
| 338 | . | ‡avolume ‡bnc ‡2rdacarrier | |
| 520 | . | ‡a"Zachary Ezra Rawlins is a graduate student in Vermont when he discovers a rare book hidden in the stacks. As he turns the pages, entranced by tales of lovelorn prisoners, key collectors, and nameless acolytes, he reads something strange: a story from his own childhood. Bewildered by this inexplicable book and desperate to make sense of how his own life came to be recorded, Zachary uncovers a series of clues--a bee, a key, and a sword--that lead him to a masquerade party in New York, to a secret club, and through a doorway to a subterranean library, hidden far below the surface of the earth. What Zachary finds in this curious place is more than just a buried home for books and their guardians--it is a place of lost cities and seas of honey, lovers who pass notes under doors and across time, and of stories whispered by the dead. Zachary learns of those who have sacrificed much to protect this realm, relinquishing their sight and their tongues to preserve this archive, and also those who are intent on its destruction. Together with Mirabel, a fierce, pink-haired protector of the place, and Dorian, a beautiful barefoot man with shifting alliances, Zachary travels the twisting tunnels, darkened stairwells, crowded ballrooms, and sweetly-soaked shores of this magical world, discovering his purpose--in both the rare book and in his own life"-- ‡cProvided by publisher. | |
| 650 | 0. | ‡aMan-woman relationships ‡vFiction. ‡0(LARL_NWRL_CONSORTIUM)165985 | |
| 651 | 0. | ‡aVermont ‡vFiction. | |
| 650 | 0. | ‡aLibraries ‡vFiction. ‡0(LARL_NWRL_CONSORTIUM)172744 | |
| 650 | 0. | ‡aBooks ‡vFiction. | |
| 650 | 7. | ‡aFICTION / Women. ‡2bisacsh | |
| 650 | 7. | ‡aFICTION / Romance / Fantasy. ‡2bisacsh | |
| 650 | 7. | ‡aFICTION / Fantasy / Historical. ‡2bisacsh | |
| 650 | 7. | ‡aLibrary shelving. ‡2fast | |
| 650 | 7. | ‡aMan-woman relationships. ‡2fast ‡0(LARL_NWRL_CONSORTIUM)38460 | |
| 650 | 7. | ‡aSeas. ‡2fast ‡0(LARL_NWRL_CONSORTIUM)161841 | |
| 651 | 7. | ‡aVermont. ‡2fast ‡0(LARL_NWRL_CONSORTIUM)1786 | |
| 655 | 7. | ‡aFantasy fiction. ‡2fast | |
| 655 | 7. | ‡aFiction. ‡2fast | |
| 655 | 7. | ‡aFantasy fiction. ‡2gsafd | |
| 655 | 7. | ‡aFantasy fiction. ‡2lcgft | |
| 776 | 0 | 8. | ‡iOnline version: ‡aMorgenstern, Erin, author. ‡tStarless sea ‡bFirst edition. ‡dNew York : Doubleday, [2019] ‡z9780385541220 ‡w(DLC) 2018056020 |
| 901 | . | ‡a320538 ‡bOCoLC ‡c320538 ‡tbiblio ‡soclc | |

Add to basket
Permalink
Disable Highlighting